Tamilian historians / (Record no. 42539)

MARC details
000 -LEADER
fixed length control field 00703nam a22002057a 4500
005 - DATE AND TIME OF LATEST TRANSACTION
control field 2010081905455.0
010 ## - LCCN (DPL NO)
LC control number ENG-100906
020 ## - INTERNATIONAL STANDARD BOOK NUMBER
International Standard Book Number 9789380173269
Terms of availability 150.00
035 ## - SYSTEM CONTROL NUMBER
System control number EN-84439
037 ## - SOURCE OF ACQUISITION
Source of stock number/acquisition DBAD/PUB
082 ## - DEWEY DECIMAL CLASSIFICATION NUMBER
Classification number 954.31
100 ## - MAIN ENTRY--PERSONAL NAME
Personal name Napoleon , K.
245 ## - TITLE STATEMENT
Title Tamilian historians /
Statement of responsibility, etc by K.Napoleon
260 ## - PUBLICATION, DISTRIBUTION, ETC. (IMPRINT)
Place of publication, distribution, etc Koradacherry
Name of publisher, distributor, etc Aruma Pathipagam
Date of publication, distribution, etc 2009
270 ## - ADDRESS
Address 35 Gandhi Colony
City Koradacherry
Postal code 613703
300 ## - PHYSICAL DESCRIPTION
Extent iv,142p.
Dimensions 20cm (pbk)
650 ## - SUBJECT ADDED ENTRY--TOPICAL TERM
Topical term or geographic name as entry element Tamilian historians
942 ## - ADDED ENTRY ELEMENTS (KOHA)
Source of classification or shelving scheme Dewey Decimal Classification
Item type English Books
Classification part 954.31
Call number suffix NAP
Holdings
Withdrawn status Lost status Not for loan Collection code Home library Current library Date acquired Source of acquisition Cost, normal purchase price Full call number Barcode Copy number Cost, replacement price Koha item type
    Not For Loan Non-fiction D.B.Act.Division D.B.Act.Division 19/08/2010 DBAD/PUB 150.00 954.31 NAP EN-84439 1 150.00 English Books

© Delhi Public Library
Hit Counter
free hit counter